000 00696nam a2200229 a 4500
001 BRCA_1606
005 20190320203458.0
008 880728s1985 cu-a---##b---#000-0#spa-#
040 _aDLC
_cDLC
_dDLC
041 _aspa
044 _aCU
050 4 _aND259.S5
_b.C66 1985
245 1 0 _aCómo se pinta un mural
_bDavid Alfaro Siqueiros.
260 _aLa Habana, Cuba
_bArte y literatura
_c1985
300 _a231 p.
_bil.
_c23 cm.
500 _aIncluye cronología
500 _a2do. ejemplar en el Área de Investigación
504 _aBibliografía : p. 226-231
600 1 4 _aSiqueiros, David Alfaro
_d1896-1974
_xEstética
_95053
650 1 4 _apintura mural
_xTécnica
_95054
942 _2lcc
_cB
999 _c1419
_d1419